Aký bude vidiek? : Zamyslenie sa nad vypísanou súťažou "Stavba pre vidiek"

Bibliographic Details
Main Author: Baše, Miroslav, 1933-2008 (Author)
Format: Article
Language:Slovak
Subjects:

MARC

LEADER 00000nab a2200000uu 4500
001 vtls011494797
003 SK-MaSNL
005 20260305020258.0
008 230218|1995 xo |||||||||||||||||slo|
015 |a SNBRB 
035 |a (urnnbn)urn:nbn:sk:snk:ar-a09tqy 
035 |a (uuid)03a4b52a-ff64-491c-9d98-dbce4432d347 
035 |a urn:nbn:sk:snk-abdizk 
040 |a SNKBUCL  |b slo  |c SNKBUCL  |e AACR2 
041 0 |a slo 
044 |a xo  |c SK 
100 1 |a Baše, Miroslav,  |d 1933-2008  |4 aut  |9 257152 
245 1 0 |a Aký bude vidiek? :  |b Zamyslenie sa nad vypísanou súťažou "Stavba pre vidiek"  |c Miroslav Baše 
650 0 7 |a vidiek  |2 SNKPH  |9 3814 
650 0 7 |a stavby  |2 SNKPH  |9 2983 
650 0 7 |a osídlenie  |2 SNKPH  |9 250450 
650 0 7 |a obyvateľstvo  |2 SNKPH  |9 4654 
773 0 |t Ekológia & Život  |g Roč. 4, č. 1 (1995), s. 8-10 
954 |a odborná, vedecká literatúra pôvodná (slovenská)  |2 lita 
958 |a OND 
958 |a EUIPO 
958 |a article18 
999 |c 3279913  |d 3281843